| 000 | 01026nam a2200277 a 4500 | ||
|---|---|---|---|
| 999 |
_c347549 _d347549 |
||
| 003 | BLK | ||
| 005 | 20250714091236.0 | ||
| 008 | 200106b bu ||||| |||| 00| 0 bu d | ||
| 020 | _a9786197055610 | ||
| 040 | _aBLK | ||
| 041 |
_aBUL _cBUL |
||
| 080 |
_aЯпонска литература _b821.521 _x-93-34 _z821.521-93-34 |
||
| 100 |
_aАяно Имаи _eпърви автор _91299 |
||
| 139 |
_aАяно Имаи _bА 99 |
||
| 245 |
_aЧестър _cТекст и рис. Аяно Имаи ; Прев. Емилия Л. Масларова |
||
| 260 |
_9210561 _aСофия _bЛабиринт _c2019 _fСофия : Симолини _n978-619-7055- ; 5-87604- |
||
| 300 |
_a28 с. _bс цв. ил. _c29 см |
||
| 380 | _aDX | ||
| 500 | _aОриг. загл. Chappi / Ayano Imai | ||
| 700 |
_aМасларова, Емилия Любенова _d1956- _9363911 |
||
| 765 | _aChappi | ||
| 852 |
_bД _cДХ 820/899/А 99 |
||
| 942 |
_2udc _cKNG _n0 _s1 _039 |
||
| 999 | _d347549 | ||
| 944 |
_k30542 _lРусанова Ирена |
||